00698nam a2200205 4500010001300000020002400013035001300037037001600050040001200066082001300078245003800091250001200129260002900141270004400170300004100214500001900255500014100274650003800415650003900453 aB-208309 a101857433629c00.00 aB-208309 aCen Lib/Ret aDPLbEN a050bEUR aThe Europa world year book 2007 / a47th ed aLondon bRoutledgec2006 aHarines House, 21 John Street bLondon  a2 v. ; (v 1. 2489 ; v 2. 2490-4914 ) aincludes index a2 v. ; v 1. International origination countries: Afghanistan- Jordan (available) ; v 2. Countries: Kazakhstan- Zimbabwe (available)  aSocial indicators -- Periodicals. aEconomic indicators -- Periodicals